000 00330nam a2200133Ia 4500
005 20251222152047.0
008 251222s9999||||xx |||||||||||||| ||spa||
082 _a001.642.4/I55
100 _aInjoque Espinoza, Javier
245 0 _aWord Perfect 5.1:
250 _a2da. ed.
264 _bUniversidad del PacĂ­fico
942 _cLIB
999 _c26284
_d26284